Universo antiguo y un mundo moderno

Gespeichert in:
Bibliographische Detailangaben
1. Verfasser: Cimadevilla, Candido (VerfasserIn)
Format: Buch
Sprache:Spanisch
Veröffentlicht: Madrid Rialp 1964
Schriftenreihe:Naturaleza e Historia
Schlagworte:
Tags: Tag hinzufügen
Keine Tags, Fügen Sie den ersten Tag hinzu!

MARC

LEADER 00000nam a2200000 a 4500
001 UCZ3217
003 CL-VaPUC
008 951020e19640000SP |||||||||||||||||spa|d
082 0 4 |a 100  |b CIM  |2 21 
100 0 |a Cimadevilla, Candido  |e author  |9 347032 
245 1 0 |a Universo antiguo y un mundo moderno 
300 |a 579 p 
942 |c BK 
945 |d 19951020 00:00:00  |a rleighto 
260 |a Madrid  |b Rialp  |c 1964 
650 0 |a Filosofía   |9 223554 
650 0 |a Metafísica  |9 265649 
650 0 |a Universo  |9 266563 
583 |a last modification  |c 19951020 00:00:00  |k Rodrigo Vera 
490 0 |a Naturaleza e Historia 
999 |c 239713  |d 239711 
952 |0 0  |1 0  |4 0  |6 100_000000000000000_CIM_1964  |7 0  |8 A  |9 251028  |a BIBEDU  |b BIBEDU  |d 2019-11-18  |i 3131394  |o 100 CIM 1964  |p 3131394  |r 2019-11-18  |w 2019-11-18  |y BK  |k FIL 
952 |0 0  |1 0  |2 ddc  |4 0  |6 100_000000000000000_CIM_1964  |7 0  |8 A  |9 251029  |a BIBCUR  |b BIBCUR  |c PAC  |d 2019-11-18  |i 1752901  |o 100 CIM 1964  |p 1752901  |r 2025-04-22  |w 2019-11-18  |y BK  |k BCB